000 00608ntaaa2200205 4500
003 01
005 20251027202317.0
008 0714s1973 ag 01
040 _aAR-BaBN
_bspa
_cAR-BaBN
_eaacr
_dRIC
082 _a280.1000 P29
100 _aPayne, Ernest A
245 _aWhy integration?
250 _a1 ed.
260 _aLondon :
_bWm. Carling and Company,
_c1957
300 _a80 p
500 _aEstudio de la integración entre el Concilio Mundial de Iglesias y el Concilio Internacional de Misiones
650 _aConcilio Mundial de Iglesias
_93998
700 _aMoses, David G
_921691
942 _cBK
999 _c17926
_d17926